| 000 | 00358nam a22001457a 4500 | ||
|---|---|---|---|
| 020 | _qHB. | ||
| 040 | _cFIZZA ISHAQ | ||
| 082 |
_a510 _bBLI |
||
| 100 |
_aBLITZER,ROBERT. _9131686 |
||
| 245 |
_aTHINKING MATHEMATICALLY / _cROBERT BLITZER. |
||
| 250 | _a3rd ED. | ||
| 260 |
_aNEW YORK ; _bPEARSON, _c2005. |
||
| 300 |
_a827 P. ; _c11.1X8.9IN |
||
| 942 |
_2ddc _cBK |
||
| 999 |
_c617122 _d617122 |
||